Ingeniería mecánica: Estática
| Main Author: | |
|---|---|
| Format: | Section = Libro |
| Language: | Undetermined Spanish |
| Published: |
México
Pearson Educación
2016
|
| Edition: | 14a ed. |
| Subjects: |
| LEADER | 00827nam a2200289Ia 4500 | ||
|---|---|---|---|
| 008 | 240830s9999 xx 000 0 und d | ||
| 020 | |a 978-607-32-3707-9 | ||
| 040 | |a B-ESTELÍ- RUACS / 620.103 H624 | ||
| 041 | |a spa | ||
| 082 | |a 620.103 H624 | ||
| 100 | 1 | |a Hibbeler, R.C. | |
| 245 | 1 | 0 | |a Ingeniería mecánica: Estática |
| 250 | |a 14a ed. | ||
| 260 | |a México |b Pearson Educación |c 2016 | ||
| 300 | |a 679 p.:il. | ||
| 650 | 7 | |a INGENIERÍA MECÁNICA - ESTÁTICA | |
| 650 | 7 | |b VECTORES FUERZA | |
| 650 | 7 | |c EQUILIBRIO DE UNA PARTÍCULA | |
| 650 | 7 | |d SISTEMA DE FUERZAS | |
| 650 | 7 | |e EQUILIBIO CUERPO RÍGIDO | |
| 650 | 7 | |f ANÁLISIS ESTRUCTURAL | |
| 650 | 7 | |g FUERZAS INTERNAS | |
| 650 | 7 | |h FRICCIÓN | |
| 650 | 7 | |i CENTRO DE GRAVEDAD Y CENTROIDE | |
| 942 | |c BK |2 ddc | ||
| 991 | |a TEXTO | ||
| 999 | |c 11158 | ||